Self-aligned submicron gate length gallium arsenide MESFET /

Bibliographic Details
Main Author: Huang, Hsien-Ching, 1962-
Format: Thesis eBook
Language:English
Published: [Place of publication not identified] : [publisher not identified] ; 1987.
Subjects:
Online Access:Link to OAKTrust copy

MARC

Tag First Indicator Second Indicator Subfields
LEADER 00000cam a2200000 a 4500
001 in00000020694
005 20220103115027.0
007 cr unu a
008 880718s1987 xx a b 00010 eng d
035 |9 AAB3655AM 
035 |a (OCoLC)18230961 
040 |a TXA  |c TXA  |d UtOrBLW 
049 |a TXAZ [Also in] [Archives]  |c 1 [A10994648], 2 [A10994698] 
099 |a 1987  |a Thesis  |a H874 
100 1 |a Huang, Hsien-Ching,  |d 1962- 
245 1 0 |a Self-aligned submicron gate length gallium arsenide MESFET /  |c by Hsien-Ching Huang. 
264 1 |a [Place of publication not identified] :  |b [publisher not identified] ;  |c 1987. 
300 |a xiv, 119 leaves :  |b illustrations ;  |c 29 cm. 
336 |a text  |b txt  |2 rdacontent 
337 |a computer  |b c  |2 rdamedia 
338 |a online resource  |b cr  |2 rdacarrier 
500 |a "Major subject: Electrical Engineering." 
500 |a Typescript (photocopy). 
500 |a Vita. 
502 |b M.S.  |c Texas A&M University  |d 1987. 
504 |a Bibliograhy: leaves 106-110. 
530 |a Also available online. 
650 0 |a Field-effect transistors. 
650 0 |a Gallium arsenide semiconductors. 
650 0 |a Metal semiconductor field-effect transistors. 
650 4 |a Major electrical engineering. 
856 4 1 |u https://hdl.handle.net/1969.1/ETD-TAMU-1987-THESIS-H874  |z Link to OAKTrust copy  |t 0 
999 |a MARS 
999 f f |s 86ed2b27-0309-34c8-b0f8-a4bdf78e878f  |i 78eb3e54-5698-39f2-af85-158ddf9a7f22  |t 0 
952 f f |p noncirc  |a Texas A&M University  |b J.J. Pickle Campus  |c High Density Repository  |s HDR  |d Remote Storage  |t 0  |e 1987 Thesis H874  |h Other scheme  |i computer -- online resource  |m A14839626741 
952 f f |a Texas A&M University  |b College Station  |c Electronic Resources  |s www_evans  |d Available Online  |t 0  |e 1987 Thesis H874  |h Other scheme 
998 f f |a 1987 Thesis H874  |t 0  |l Remote Storage 
998 f f |a 1987 Thesis H874  |t 0  |l Available Online